| 000 | 00463nam a2200145Ia 4500 | ||
|---|---|---|---|
| 008 | 231129s1984||||xx |||||||||||||| ||spa|| | ||
| 020 | _a84-320-7867-0 | ||
| 040 | _bspa | ||
| 082 | _a853.91 P584h | ||
| 100 | _aPiazzesi Gianfranco | ||
| 245 | 0 | _aLa historia del banquero Roberto Calvi: De la presidencia del Ambrosiano al puente de Blackfriars | |
| 260 | _c1984 | ||
| 264 | _aMadrid EspaƱa : Planeta | ||
| 942 |
_2ddc _cBKS |
||
| 999 |
_c17321 _d17321 |
||